00789nam a2200205 a 450000100060000000300090000600800410001502000180005604000280007408200180010210000170012024500840013726000240022130000110024550502270025665000320048365000180051565000220053365000280055522781CO-ViMGA141112s2004 ck r 000 u spa d a9788475552484 aCO-ViMGAbspacCO-ViMGA04a616.026 F377c1 aFerrid, Fred10aConsultor clínico de medicina interna : bclaves diagnósticas y tratamiento aEspaña : bOceana a1108p. aEnfremedades y transtornos, Diagnosticos diferencial, Algoritmas clinicos, Pruebas de laboratorio e interpretacion de los resultados, Guias de medicina preventiva, Medicina preventiva, Medicina alternativa y complementaria14aENFERMEDADES - TRATAMIENTOS14aMEDICAMENTOS 14aMEDICINA INTERNA 14aPRUEBAS DE LABORATORIO